[Event "Floripa Chess Open 2024"]
[Site "Florianopolis"]
[Date "2024.01.21"]
[Round "2.34"]
[White "Santos, Abel Cardoso Dos"]
[Black "Campos, Maria Jose"]
[Result "0-1"]
[WhiteElo "1854"]
[BlackElo "2208"]
[PlyCount "203"]
[EventDate "2024.01.20"]
[EventRounds "10"]
[EventCountry "BRA"]

1. e4 e5 2. Nf3 Nc6 3. Bb5 a6 4. Ba4 Nf6 5. O-O Be7 6. Re1 b5 7. Bb3 d6 8. c3
O-O 9. h3 Na5 10. Bc2 c5 11. d4 Nd7 12. Nbd2 exd4 13. cxd4 Nc6 14. d5 Nce5 15.
a4 Rb8 16. Nxe5 Nxe5 17. f4 Ng6 18. Nf3 Bh4 19. Nxh4 Qxh4 20. f5 Ne5 21. Rf1 b4
22. Bf4 Qe7 23. b3 a5 $146 ({RR} 23... Re8 24. Be3 a5 25. f6 gxf6 26. Qh5 Ng6
27. Rae1 Qe5 28. Qh6 Qc3 29. Bb1 Ba6 30. Bd2 Qxb3 31. Rxf6 Qb2 32. Rxd6 Ra8 33.
Bg5 Qg7 34. Qh5 Qd4+ 35. Re3 Re5 36. Qh6 Qd1+ 37. Kh2 Rxg5 38. Qxg5 {Meertens,
M (2156)-Colpe,M (2379) Tegernsee GER 2018 1-0 (48)}) 24. Bd3 Rb6 25. Bb5 f6
26. Re1 Nf7 27. Qd3 Qa7 28. Kh2 Bb7 29. g4 Rb8 30. Rac1 Rxb5 31. axb5 Bc8 32.
Re2 Bd7 33. Ra2 Bxb5 34. Qg3 Rd8 35. Rca1 a4 36. Rxa4 Bxa4 37. Rxa4 Qe7 38. Qd3
Re8 39. Ra6 h5 40. gxh5 Qxe4 41. Qxe4 Rxe4 42. Bxd6 Re2+ 43. Kg1 Nxd6 44. Rxd6
Re5 45. Rd7 Rxf5 46. d6 Kf8 47. Rc7 Rd5 48. Kf2 Rxd6 49. Rxc5 Rd3 50. Rc8+ Kf7
51. Rc7+ Kg8 52. h6 gxh6 53. h4 Rxb3 54. Rb7 h5 55. Rb5 Kf7 56. Rxh5 Rh3 57.
Kg2 Rc3 58. Rb5 b3 59. h5 Kg7 60. Kf2 Rc2+ 61. Ke3 b2 62. Kf3 Kh6 63. Kg3 Re2
64. Kf4 Rh2 65. Kg4 Rf2 66. Kg3 Re2 67. Kg4 Rc2 68. Kf3 f5 69. Kg3 Kg5 70. Kh3
Rd2 71. Kg3 Re2 72. Kh3 Rc2 73. Kg3 Re2 74. Kh3 Rf2 75. Kg3 Rd2 76. Kh3 Rd3+
77. Kg2 Rd2+ 78. Kg3 Rd3+ 79. Kg2 Rd2+ 80. Kg3 Rd4 81. Kf3 Rf4+ 82. Kg3 Rc4 83.
Kf3 Rc3+ 84. Kg2 Kxh5 85. Rxb2 Kg4 86. Kf2 Rf3+ 87. Kg2 Rg3+ 88. Kf2 Rc3 89.
Kg2 f4 90. Kh2 Kf3 91. Ra2 Re3 92. Kh3 Rd3 93. Kh2 Rc3 94. Rb2 Ra3 95. Rc2 Re3
96. Kh3 Re1 97. Rc3+ Ke4 98. Rc4+ Ke3 99. Rc3+ Kd4 100. Rf3 Ke4 101. Kg2 Re2+
102. Rf2 0-1

[Event "Floripa Chess Open 2024"]
[Site "Florianopolis"]
[Date "2024.01.21"]
[Round "2.35"]
[White "Bauza, Alejandro"]
[Black "Eger, Laura Luisa"]
[Result "1/2-1/2"]
[WhiteElo "2205"]
[BlackElo "1848"]
[PlyCount "76"]
[EventDate "2024.01.20"]
[EventRounds "10"]
[EventCountry "BRA"]

1. Nf3 d5 2. g3 Nf6 3. Bg2 Bf5 4. c4 c6 5. cxd5 cxd5 6. Qb3 Qc8 7. Nc3 e6 8. d3
Nc6 9. O-O h6 10. Bf4 Be7 11. Rac1 O-O 12. Nb5 g5 13. Bd6 $146 ({RR} 13. Nd6
Qd7 14. Nxf5 exf5 15. Be3 d4 16. Bd2 Rad8 17. Rc4 Ng4 18. Rfc1 Rfe8 19. h3 Nf6
20. h4 Ng4 21. hxg5 hxg5 22. Nxg5 Bxg5 23. Bxg5 Na5 24. Qb4 Nxc4 25. Bxd8 Nce3
26. fxe3 Qxd8 27. Qxd4 Qa5 {Radovanovic,J (2323)-Eames,R (2259) London 2011
1-0 (59)}) 13... Qd7 14. Ne5 Qd8 15. Rxc6 a6 16. Bxe7 Qxe7 17. Rc7 Qd8 18. Rxb7
axb5 19. Nc6 Qd6 20. Ne7+ Kg7 21. Nxf5+ exf5 22. Rxb5 Qe5 23. e3 Rfb8 24. d4
Qe8 25. Rxb8 Rxb8 26. Qc2 Qb5 27. b3 Qa6 28. a4 f4 29. Rc1 fxe3 30. fxe3 Qb7
31. a5 Ng4 32. Qf5 Qxb3 33. Re1 Qc3 34. Rf1 Qxe3+ 35. Kh1 Qe6 36. Qxd5 Nf2+ 37.
Kg1 Nh3+ 38. Kh1 Nf2+ 1/2-1/2

[Event "Floripa Chess Open 2024"]
[Site "Florianopolis"]
[Date "2024.01.21"]
[Round "2.37"]
[White "Aranha Filho, Alvaro Z."]
[Black "Karoly, Carlos Acacio Gomes"]
[Result "1-0"]
[WhiteElo "2201"]
[BlackElo "1846"]
[PlyCount "63"]
[EventDate "2024.01.20"]
[EventRounds "10"]
[EventCountry "BRA"]

1. d4 Nf6 2. c4 g6 3. Nc3 Bg7 4. e4 d6 5. f3 O-O 6. Be3 c6 7. Bd3 a6 8. a4 a5
9. Nge2 Na6 10. Qd2 Nb4 11. Rd1 e5 12. Bb1 exd4 13. Nxd4 Re8 14. O-O d5 $146 ({
RR} 14... Qe7 15. Bg5 Qc7 16. Kh1 Nd7 17. f4 h6 18. Bh4 Na6 19. f5 Ne5 20. b3
Nc5 21. Bc2 Ncd7 22. Nde2 g5 23. Bf2 Ng4 24. Bg1 Be5 25. Rf3 Kg7 26. h4 Rh8 27.
Rh3 Qd8 28. Nd4 Bf4 29. Qe1 {Sakaev,K (2635)-Kabanov,N (2521) Novokuznetsk
2008 1-0 (38)}) 15. cxd5 cxd5 16. Ndb5 Be6 17. Qf2 Ra6 18. e5 Nd7 19. Nd6 Nxe5
20. Nxe8 Qxe8 21. Nb5 Rc6 22. Bd4 Qb8 23. h3 Rc8 24. f4 Nec6 25. Bxg7 Kxg7 26.
f5 gxf5 27. Bxf5 Qe5 28. Bxe6 Qxe6 29. Rde1 Qg6 30. Re3 Kh8 31. Rg3 Qh6 32.
Qxf7 1-0

[Event "Floripa Chess Open 2024"]
[Site "Florianopolis"]
[Date "2024.01.21"]
[Round "2.38"]
[White "Moyses Sobrinho, Elias"]
[Black "Terao, Juliana Sayumi"]
[Result "1/2-1/2"]
[WhiteElo "1844"]
[BlackElo "2198"]
[PlyCount "104"]
[EventDate "2024.01.20"]
[EventRounds "10"]
[EventCountry "BRA"]

1. d4 Nf6 2. c4 e6 3. Nc3 Bb4 4. Qc2 O-O 5. Nf3 c5 6. e3 cxd4 7. exd4 b6 ({RR} 
7... d5 8. Bg5 h6 9. Bh4 Be7 10. Rd1 b6 11. cxd5 Nxd5 12. Bg3 Bb7 13. Be2 Nc6
14. O-O Rc8 15. Qa4 Nxc3 16. bxc3 Na5 17. Rc1 Qe8 18. Qd1 Nc4 19. Ne5 Bd5 20.
Re1 Nxe5 21. Bxe5 Ba3 22. Rc2 {Ivanisevic,I (2645)-Gonda,L (2528) Hungary 2012
1-0}) ({RR} 7... d5 8. Bg5 h6 9. Bh4 Be7 10. cxd5 Nxd5 11. Bxe7 Qxe7 12. Bc4
Nxc3 13. bxc3 b6 14. O-O Bb7 15. Qe2 Qc7 16. Rac1 Nd7 17. Ba6 Rfd8 18. Bxb7
Qxb7 19. c4 Rac8 20. Rc3 Nf8 21. c5 bxc5 22. dxc5 {Mahitosh,D (2154)-Hagner,B 
(2354) Fagernes NOR 2023 1/2-1/2 (63)}) 8. a3 $146 ({RR} 8. Bd3 Bb7 9. Ng5 h6
10. Nge4 d5 11. cxd5 Nxd5 12. O-O Nd7 13. Rd1 Rc8 14. Qb3 Nxc3 15. bxc3 Bxe4
16. Qxb4 Bxd3 17. Rxd3 Ne5 18. Rg3 Nc6 19. Qb3 Kh8 20. Bf4 Nxd4 21. Qb2 Nf5 22.
Rh3 Qf6 {Vogel,D (1523)-Hiebler,L (1799) Altenmark 2011 0-1}) ({RR} 8. Bg5 Bb7
9. Be2 d5 10. a3 Be7 11. O-O Nbd7 12. Rac1 Rc8 13. Rfd1 dxc4 14. Ne5 Nxe5 15.
dxe5 Nd5 16. Bxe7 Qxe7 17. Nb5 Ba6 18. Qa4 Bxb5 19. Qxb5 Rc5 20. Qa4 b5 21. Qc2
Rfc8 22. Qe4 a5 {Torres Diaz,H-Obando Guzman,S (1751) Bogota 2013 0-1 (40)})
8... Be7 9. Bd3 Bb7 10. Ne4 h6 11. Nxf6+ Bxf6 12. Be4 d5 13. cxd5 Bxd5 14. O-O
Nc6 15. Be3 Rc8 16. Qd3 Qd6 17. Bxd5 Qxd5 18. Rac1 Rfd8 19. Qc4 Qd7 20. Qa4 Qb7
21. Rfd1 b5 22. Qb3 Na5 23. Qb4 Nc4 24. a4 Rd5 25. b3 Be7 26. Qe1 Nxe3 27. fxe3
Rdd8 28. Rxc8 Rxc8 29. Rc1 bxa4 30. bxa4 Bd6 31. Rxc8+ Qxc8 32. Qd1 Qc4 33. Kf2
Kf8 34. g3 g5 35. Ne1 Qa2+ 36. Qc2 Qxc2+ 37. Nxc2 Ke7 38. e4 Kd7 39. h4 gxh4
40. gxh4 Kc6 41. Ne3 Be7 42. h5 Bg5 43. Nc4 f5 44. Kf3 Bf6 45. exf5 exf5 46.
Ne3 Bg5 47. Nxf5 Kd5 48. Kg4 a5 49. Kf3 Bc1 50. Ne7+ Kd6 51. Nf5+ Kd5 52. Ne7+
Kd6 1/2-1/2

[Event "Floripa Chess Open 2024"]
[Site "Florianopolis"]
[Date "2024.01.21"]
[Round "2.39"]
[White "Rodi, Luis Ernesto"]
[Black "Cardoso, Leandro Ubialli"]
[Result "1-0"]
[WhiteElo "2196"]
[BlackElo "1842"]
[PlyCount "99"]
[EventDate "2024.01.20"]
[EventRounds "10"]
[EventCountry "BRA"]

1. e4 e6 2. d4 d5 3. Nd2 dxe4 4. Nxe4 Bd7 5. Nf3 Bc6 6. Bd3 Nd7 7. O-O Ngf6 8.
Nxf6+ Nxf6 9. Re1 Be7 10. c3 Bxf3 11. Qxf3 Qd5 12. Qe2 $146 ({RR} 12. Qd1 O-O-O
13. Qa4 Kb8 14. Bf4 Bd6 15. Be5 Bxe5 16. Rxe5 Qd7 17. Rb5 Nd5 18. Qa3 Qe7 19.
Rxd5 Qxa3 20. Rxd8+ Rxd8 21. bxa3 e5 22. Bc4 exd4 23. Rd1 c5 24. cxd4 f6 25. d5
Kc7 26. f3 a6 {Bandziene,R-Guseva,E Moscow (Russia) 1979 1-0 (35)}) ({RR} 12.
Qxd5 Nxd5 13. f4 g6 14. a3 Bf6 15. f5 gxf5 16. Bxf5 O-O-O 17. Be4 Rd7 18. Bh6
Be7 19. Rf1 f5 20. Bc2 Rg8 {1-0 (20) Kwiecien,Z (2223)-Kapral,K (2160)
Polanica Zdroj 1999}) 12... O-O-O 13. b4 Qh5 14. Qxh5 Nxh5 15. a4 Bd6 16. g3
Rhe8 17. a5 e5 18. Bg5 f6 19. Be3 g6 20. a6 b6 21. Bb5 Re7 22. Rad1 exd4 23.
Rxd4 Ng7 24. g4 Ne6 25. Rdd1 Be5 26. Rc1 c5 27. bxc5 Nxc5 28. f4 Bc7 29. Bd4
Rxe1+ 30. Rxe1 Bxf4 31. Re7 Nd7 32. Rxh7 g5 33. Bxd7+ Rxd7 34. Rxd7 Kxd7 35.
Bxb6 Bb8 36. Be3 Ke6 37. Kg2 Kd7 38. Kf3 Kc6 39. Bd4 Kb5 40. Bxf6 Kxa6 41. h3
Kb5 42. Bxg5 Be5 43. Be7 a5 44. g5 a4 45. h4 Bxc3 46. h5 Bb4 47. Bf6 a3 48. h6
a2 49. h7 Be7 50. h8=Q 1-0

[Event "Floripa Chess Open 2024"]
[Site "Florianopolis"]
[Date "2024.01.21"]
[Round "2.40"]
[White "Marra, Eduardo Da Costa"]
[Black "De Oliveira, Jairo Quintiliano"]
[Result "1-0"]
[WhiteElo "2189"]
[BlackElo "1840"]
[PlyCount "93"]
[EventDate "2024.01.20"]
[EventRounds "10"]
[EventCountry "BRA"]

1. e4 e5 2. Nf3 Nc6 3. Bb5 a6 4. Ba4 Nf6 5. d3 d6 6. c3 Bd7 7. O-O Be7 8. Nbd2
O-O 9. Re1 Re8 10. Nf1 Bf8 11. Bg5 ({RR} 11. Ng3 h6 12. h3 g6 13. d4 Bg7 14.
Bc2 Qe7 15. Be3 Kh7 16. Qd2 Rad8 17. d5 Nb8 18. c4 c6 19. b4 cxd5 20. cxd5 Rc8
21. Rac1 Rc4 22. Bd3 Rxc1 23. Rxc1 Bb5 24. Bxb5 axb5 25. Qd3 Qd7 {Karjakin,S  
(2779)-Chadaev,N (2580) Astana 2012 1-0 (63)}) 11... h6 12. Bh4 g5 ({RR} 12...
Be7 13. Ne3 g6 14. Bb3 Nh5 15. Bxe7 Nxe7 16. d4 Nc6 17. dxe5 dxe5 18. Nd5 Na5
19. Bc2 c6 20. Ne3 b5 21. Qd2 Qe7 22. Nxe5 Rad8 23. Nxd7 Rxd7 24. Qe2 Nf4 25.
Qf3 Qg5 26. h4 {1-0 (26) Maximov,D (2491)-Tsushko,V (1823) Poltava UKR 2023})
13. Bg3 Bg7 $146 ({RR} 13... Ne7 14. Bxd7 Qxd7 15. d4 exd4 16. Nxd4 Ng6 17. f3
d5 18. exd5 Nxd5 19. Qd2 Ndf4 20. Rad1 Rxe1 21. Rxe1 Rd8 22. Qc2 c5 23. Ne2 Re8
24. Nxf4 gxf4 25. Rxe8 Qxe8 26. Bf2 Qe5 27. Qe4 Qxe4 28. fxe4 {Vilner,
I-Stupina,E (2100) Rostov 1980 1/2-1/2 (41)}) 14. Ne3 Ne7 15. Bxd7 Qxd7 16. h4
Nh7 17. d4 Qe6 18. dxe5 dxe5 19. hxg5 hxg5 20. Qb3 Qxb3 21. axb3 f6 22. Nd2 Nf8
23. Ndc4 Kf7 24. b4 Ke6 25. Na5 Rab8 26. Red1 Nfg6 27. Nb3 Kf7 28. Rd7 Rec8 29.
Nf5 Bf8 30. Nc5 Ke8 31. Rad1 Nxf5 32. exf5 Bxc5 33. fxg6 Bd6 34. Rh7 b5 35. Kf1
Kf8 36. Ke2 Kg8 37. f3 Rf8 38. Bf2 Rbd8 39. Ra1 Ra8 40. g4 Rfe8 41. Kd3 Re7 42.
Rah1 Rxh7 43. gxh7+ Kh8 44. Ke4 a5 45. bxa5 Rxa5 46. Kf5 Ra2 47. Kg6 1-0

[Event "Floripa Chess Open 2024"]
[Site "Florianopolis"]
[Date "2024.01.21"]
[Round "2.41"]
[White "Medeiros, Thauane Ferreira"]
[Black "Caetano, Ryan Wesley Da Cost"]
[Result "1/2-1/2"]
[WhiteElo "1842"]
[BlackElo "2184"]
[PlyCount "88"]
[EventDate "2024.01.20"]
[EventRounds "10"]
[EventCountry "BRA"]

1. d4 Nf6 2. Bg5 b6 3. Bxf6 exf6 4. c4 Bb4+ 5. Nd2 O-O 6. a3 Be7 7. e3 $146 ({
RR} 7. Ngf3 f5 8. g3 Bb7 9. Bg2 d6 10. O-O Re8 11. Qc2 g6 12. b4 Bf8 13. e3 Bg7
14. Rac1 Nd7 15. Rfd1 a5 16. b5 Nf6 17. c5 Re7 18. Ne1 Bxg2 19. Nxg2 d5 20. Nf4
h6 21. a4 Ne4 {Enchev,I (2421)-Elyigit,M Konya 2014 1-0 (39)}) 7... Bb7 8. Qg4
d5 9. Ngf3 g6 10. Bd3 dxc4 11. Nxc4 c5 12. Nh4 Kh8 13. Qh3 Rg8 14. Rd1 b5 15.
Nd2 cxd4 16. exd4 Nc6 17. O-O Nxd4 18. Rfe1 f5 19. Nhf3 Bf6 20. Nxd4 Qxd4 21.
b4 Rge8 22. Rxe8+ Rxe8 23. Bxb5 Rd8 24. Qb3 Kg7 25. Be2 Qe5 26. Bf1 Qc3 27. Qa2
Bd5 28. Nb1 Qc6 29. Qe2 f4 30. Qa6 Qc2 31. Qd3 Qc7 32. Qb5 Be4 33. Qe2 Rxd1 34.
Qxd1 Qe5 35. Nd2 Qd4 36. Qe2 Bd5 37. Nf3 Qc3 38. Qd2 Qxd2 39. Nxd2 Bb2 40. Nc4
Bc1 41. a4 Kf6 42. b5 Ke6 43. b6 axb6 44. Nxb6 Bd2 1/2-1/2

[Event "Floripa Chess Open 2024"]
[Site "Florianopolis"]
[Date "2024.01.21"]
[Round "2.42"]
[White "Gauche, Charles"]
[Black "Perondi, Rodolfo Antonio"]
[Result "1-0"]
[WhiteElo "2182"]
[BlackElo "1840"]
[PlyCount "69"]
[EventDate "2024.01.20"]
[EventRounds "10"]
[EventCountry "BRA"]

1. d4 Nf6 2. c4 e5 3. dxe5 Ng4 4. Bf4 Nc6 5. Nf3 f6 6. exf6 Qxf6 7. Qd2 Bb4 8.
Nc3 O-O 9. e3 d6 10. Be2 Be6 11. O-O Bxc3 $146 ({RR} 11... h6 12. Nd5 Bxd2 13.
Nxf6+ Nxf6 14. Nxd2 a5 15. Rac1 Nd7 16. h3 a4 17. Rfd1 a3 18. b3 Nb4 19. Ra1
Nc5 20. Nf3 Rf6 21. Nd4 Bd7 22. Bf3 Raf8 23. Rd2 g5 24. Bg3 Kg7 25. Nb5 Bxb5
26. cxb5 {Gershman,J-Maderna,C Buenos Aires 1938 1-0 (45)}) 12. Qxc3 Qxc3 13.
bxc3 Nge5 14. Nxe5 Nxe5 15. c5 Ng6 16. Bg3 dxc5 17. Bxc7 Rac8 18. Bg3 Rfd8 19.
Rfd1 Ne7 20. Bf3 Nc6 21. Rd6 Rxd6 22. Bxd6 Na5 23. h4 b6 24. e4 Rd8 25. Bf4 Rd3
26. h5 c4 27. Rc1 Kf7 28. Be3 Nc6 29. Be2 Rd7 30. f4 Kg8 31. g4 Bf7 32. e5 Rd5
33. Kf2 g5 34. hxg6 hxg6 35. Bf3 1-0

[Event "Floripa Chess Open 2024"]
[Site "Florianopolis"]
[Date "2024.01.21"]
[Round "2.43"]
[White "Nunes, Agatha Hurba"]
[Black "Takano, Nicholas Ryo"]
[Result "0-1"]
[WhiteElo "1840"]
[BlackElo "2172"]
[PlyCount "104"]
[EventDate "2024.01.20"]
[EventRounds "10"]
[EventCountry "BRA"]

1. d4 Nf6 2. c4 g6 3. Nc3 Bg7 4. e4 d6 5. Nf3 O-O 6. Be2 Nbd7 7. O-O e5 8. d5
Nc5 9. Qc2 a5 10. Be3 Ne8 11. Nd2 f5 12. f3 f4 13. Bf2 g5 14. Nb3 b6 15. Nxc5
bxc5 $146 ({RR} 15... dxc5 16. a3 Rf6 17. d6 Rxd6 18. Rfd1 Bd7 19. Nb5 Bxb5 20.
cxb5 Qe7 21. Rd3 Rad8 22. Rad1 Bf6 23. Be1 Rxd3 24. Rxd3 Rxd3 25. Qxd3 Qd6 26.
Qd2 Qd4+ 27. Kf1 Kf7 28. Qc3 Nd6 29. Bf2 Qxc3 30. bxc3 {Goncalves,A (1907)
-Durao,J (2009) Figueira da Foz 2010 1/2-1/2 (79)}) 16. a3 h5 17. b4 axb4 18.
axb4 Rxa1 19. Rxa1 cxb4 20. Nb5 Bd7 21. Qb3 g4 22. c5 g3 23. hxg3 fxg3 24. Bxg3
Qg5 25. Bf2 h4 26. Kh1 h3 27. g3 Bxb5 28. Bxb5 Qd2 29. Ra2 Qc1+ 30. Kh2 Nf6 31.
Rc2 Qd1 32. Qd3 Qb1 33. Qd2 Bh6 34. Qe2 Ra8 35. Rb2 Qa1 36. cxd6 cxd6 37. Bc4
Qc1 38. Rc2 Qb1 39. Rb2 Qc1 40. Rc2 Qg5 41. Qf1 Qh5 42. Be2 b3 43. Rb2 Ra2 44.
Qb1 Qf7 45. Bg1 Qg7 46. Rxa2 bxa2 47. Qxa2 Bf4 48. Bf2 Bxg3+ 49. Bxg3 Nh5 50.
Bb5 Qxg3+ 51. Kh1 Qxf3+ 52. Kg1 Ng3 0-1

[Event "Floripa Chess Open 2024"]
[Site "Florianopolis"]
[Date "2024.01.21"]
[Round "2.44"]
[White "De Borba, Gabriel"]
[Black "Moritz, Diego Homrich"]
[Result "1-0"]
[WhiteElo "2171"]
[BlackElo "1832"]
[PlyCount "85"]
[EventDate "2024.01.20"]
[EventRounds "10"]
[EventCountry "BRA"]

1. c4 c6 2. Nf3 d5 3. e3 Nf6 4. Nc3 a6 5. d4 Bf5 6. Be2 h6 7. O-O e6 8. b3 ({RR
} 8. c5 Nbd7 9. b4 Be7 10. a4 O-O 11. Bb2 Ne4 12. Nxe4 Bxe4 13. b5 axb5 14.
axb5 e5 15. b6 Bxf3 16. Bxf3 Bf6 17. Qc2 Re8 18. h3 Qe7 19. Bg4 Nf8 20. Ra7
Rab8 21. Rd1 g6 22. e4 h5 {Salem,A (2624)-Postny,E (2658) Berlin 2015 0-1 (50)}
) 8... Nbd7 9. Bb2 Bd6 10. Nd2 $146 ({RR} 10. Rc1 O-O 11. Re1 Ne4 12. Nxe4 Bxe4
13. Nd2 Bh7 14. Bf3 Nf6 15. h3 Qa5 16. a3 Rad8 17. b4 Qc7 18. c5 Be7 19. a4 Nd7
20. Nb3 Bf6 21. Bc3 Ra8 22. Qe2 e5 23. b5 axb5 24. axb5 exd4 {Santagati,A  
(2167)-Forlano,L (2011) St Eufemia d'Aspromonte 2010 1-0 (35)}) ({RR} 10. Rc1
O-O 11. h3 Ne4 12. Nxe4 Bxe4 13. Nd2 Bg6 14. Bf3 f5 15. Re1 Qe7 16. Nf1 Nf6 17.
Ng3 Ne4 18. Bxe4 fxe4 19. Qg4 Qf7 20. Rc2 h5 21. Qe2 h4 22. Nf1 Bh5 23. Qd2 g5
24. Nh2 Qf5 {Abdilkhair,A (2268)-Rustemov,A (2525) chess.com INT 2023 0-1 (54)}
) ({RR} 10. Bd3 O-O 11. Bxf5 exf5 12. cxd5 cxd5 13. Qd3 g6 14. Rac1 Qe7 15. Rc2
Rac8 16. Rfc1 Rc6 17. Ne2 Rxc2 18. Rxc2 Re8 19. h3 Qe4 20. Qxe4 fxe4 21. Ne5
Nb6 22. f4 exf3 23. gxf3 Nfd7 24. Nxd7 Nxd7 {Nestor,K (2132)-Rasmussen,H (2165)
Porto Carras GRE 2018 1-0 (50)}) 10... O-O 11. Bf3 Qe7 12. Re1 Rfe8 13. e4 dxe4
14. Ndxe4 Nxe4 15. Nxe4 Ba3 16. Bc3 Bb4 17. Qd2 Bxc3 18. Qxc3 Rad8 19. Rad1 Nf6
20. Nc5 Qc7 21. h3 Nd7 22. Nd3 Nf6 23. Nc5 Nd7 24. Qb4 Nxc5 25. Qxc5 Qf4 26.
Qe5 Qxe5 27. dxe5 Kf8 28. Rd6 Ke7 29. c5 Rd7 30. Red1 Red8 31. g4 Bh7 32. Bg2
g5 33. Kh2 Bc2 34. R1d2 Bg6 35. Kg3 Bb1 36. h4 Rxd6 37. cxd6+ Kf8 38. f4 gxf4+
39. Kxf4 Kg7 40. g5 hxg5+ 41. Kxg5 Rg8 42. h5 Kf8+ 43. Kf6 1-0

[Event "Floripa Chess Open 2024"]
[Site "Florianopolis"]
[Date "2024.01.21"]
[Round "2.45"]
[White "Fraga, Heitor Carneiro"]
[Black "Federzoni, Enzo"]
[Result "1/2-1/2"]
[WhiteElo "1839"]
[BlackElo "2170"]
[PlyCount "60"]
[EventDate "2024.01.20"]
[EventRounds "10"]
[EventCountry "BRA"]

1. e4 c5 2. Nf3 d6 3. d4 cxd4 4. Nxd4 Nf6 5. Nc3 a6 6. Bg5 e6 7. f4 Be7 8. Qf3
Qc7 9. O-O-O Nbd7 10. g4 h6 11. Bxf6 Bxf6 12. h4 Nb6 13. g5 Bxd4 14. Rxd4 Qc5
15. Qf2 ({RR} 15. Rd2 Bd7 16. Be2 Rc8 17. gxh6 Rxh6 18. h5 Na4 19. Nxa4 Bxa4
20. c3 Bc6 21. Rhd1 Ba4 22. b3 Bb5 23. c4 Bc6 24. Kb2 Rd8 25. Qg3 Bxe4 26. Rd4
Qf5 27. Qxg7 Rh7 28. Qg1 Qf6 29. Qg5 Qxg5 {Brkic,A (2621)-Van Foreest,J (2691)
Riga LAT 2021 1-0 (39)}) ({RR} 15. Qd3 hxg5 16. Rxd6 Rxh4 17. Rxh4 gxh4 18.
Rd8+ Ke7 19. Rh8 Bd7 20. Rxh4 Qf2 21. Rg4 Bb5 22. Nxb5 axb5 23. Qe2 Qxe2 24.
Bxe2 Rxa2 25. Rxg7 Nc4 26. Bxc4 bxc4 27. Rg5 c3 28. bxc3 Ra4 29. f5 Kf6 {
Rodi,L (2196)-Do Valle Cardoso,L (2392) Florianopolis BRA 2024 1/2-1/2 (33)})
15... hxg5 16. e5 d5 $146 ({RR} 16... gxf4 17. Bd3 d5 18. Ne4 dxe4 19. Rd8+
Kxd8 20. Qxc5 Nd7 21. Qg1 exd3 22. Qxg7 Rf8 23. h5 b6 24. h6 Bb7 25. h7 Bxh1
26. h8=Q Bd5 27. Qhxf8+ Nxf8 28. Qxf8+ Kd7 29. Qxf7+ Kc6 30. c3 Bxa2 31. Qxf4 {
Manish Anto,C (2249)-Holtel,J (2406) Nova Gorica SLO 2022 1/2-1/2 (39)}) ({RR} 
16... gxf4 17. Bd3 Qxe5 18. Re1 Qa5 19. Qxf4 Bd7 20. Qxd6 Rh5 21. b4 Qa3+ 22.
Kd2 Rc8 23. Nb1 Qb2 24. Qxb6 Rc6 25. Qa7 Rhc5 26. Qb8+ Rc8 27. Qd6 {1-0 (27)
Beerdsen,T (2513)-Laux,D (2245) Vlissingen NED 2022}) 17. Ne4 dxe4 18. Rd8+
Kxd8 19. Qxc5 Nd7 20. Qd4 gxh4 21. Qxe4 g6 22. Qe1 b6 23. Bg2 Ra7 24. Rxh4 Rxh4
25. Qxh4+ Ke8 26. Qh8+ Nf8 27. Bc6+ Bd7 28. Qh1 Kd8 29. Qh4+ Kc8 30. Qh1 Kd8
1/2-1/2

[Event "Floripa Chess Open 2024"]
[Site "Florianopolis"]
[Date "2024.01.21"]
[Round "2.46"]
[White "Labussiere, Yago"]
[Black "Pimenta, Elisandro Da Silva"]
[Result "1-0"]
[WhiteElo "2167"]
[BlackElo "1829"]
[PlyCount "49"]
[EventDate "2024.01.20"]
[EventRounds "10"]
[EventCountry "BRA"]

1. c4 Nf6 2. Nc3 e6 3. e4 d5 4. e5 d4 5. exf6 dxc3 6. bxc3 Qxf6 7. Nf3 Nc6 8.
d4 h6 ({RR} 8... e5 9. Bg5 Qg6 10. h4 h6 11. h5 Qf5 12. Be3 exd4 13. Nxd4 Nxd4
14. Qxd4 Be7 15. Bd3 Qg4 16. Qe5 Be6 17. Qb5+ c6 18. Qxb7 Rc8 19. Qxa7 Qxg2 20.
O-O-O Qf3 21. Rhg1 Bf6 22. Bc5 Qf4+ 23. Rd2 {Vachier Lagrave,M (2819)-Nakamura,
H (2791) chess.com INT 2016 1/2-1/2 (57)}) ({RR} 8... e5 9. Bg5 Qg6 10. Bd3 e4
11. Bxe4 Qxe4+ 12. Kd2 Be7 13. Re1 Qg6 14. Bxe7 Nxe7 15. Qa4+ Bd7 16. Qb4 Qd6
17. Ne5 Qxb4 18. cxb4 f6 19. Nf3 Kf7 20. Kc3 a5 21. b5 a4 22. Kb4 c6 23. b6 {
Ribeiro,M (2205)-Montes Orozco,M (2104) chess.com INT 2023 0-1 (38)}) 9. Bd3
Bd6 10. O-O O-O 11. c5 $146 ({RR} 11. Qe2 e5 12. c5 Be7 13. d5 Na5 14. Qe4 g6
15. Qa4 b6 16. Bxh6 Bxc5 17. Rae1 Bd6 18. Bxf8 Kxf8 19. Nd2 Bf5 20. Re3 Bxd3
21. Rxd3 Nb7 22. Rf3 Qe7 23. Qg4 Kg7 24. Ne4 f5 25. Rxf5 Nc5 {Grachev,B (2647)
-Hossain,Z (1919) Dhaka 2016 1-0 (31)}) ({RR} 11. Qe2 Rd8 12. Re1 Bf8 13. Rb1
g6 14. Be4 a5 15. c5 Ra7 16. Bxc6 bxc6 17. Ne5 Qf5 18. Rb3 a4 19. Rb4 Ba6 20.
Qb2 Bxc5 21. Rb8 Rxb8 22. Qxb8+ Kg7 23. dxc5 Rb7 24. Qd8 Rb1 25. g4 Rxc1 {
Schmid,L-Martinez Ibrahim,F San Juan 1969 1-0}) 11... Bf4 12. Bxf4 Qxf4 13. Re1
b6 14. g3 Qf6 15. Be4 Bd7 16. Ne5 Nxe5 17. Bxa8 Nc6 18. Bb7 Rb8 19. Ba6 b5 20.
Rb1 Ne7 21. Qd3 c6 22. a4 Nd5 23. axb5 cxb5 24. c4 Nc7 25. Bxb5 1-0

[Event "Floripa Chess Open 2024"]
[Site "Florianopolis"]
[Date "2024.01.21"]
[Round "2.47"]
[White "Viana, Daniel Fernandes"]
[Black "Bueno, Alfeu Junior Varela"]
[Result "0-1"]
[WhiteElo "1830"]
[BlackElo "2156"]
[PlyCount "110"]
[EventDate "2024.01.20"]
[EventRounds "10"]
[EventCountry "BRA"]

1. d4 e6 2. c4 f5 3. g3 d5 4. Bg2 c6 5. Nf3 Nf6 6. O-O Bd6 7. b3 Qe7 8. Ne5 O-O
9. Bb2 Bd7 ({RR} 9... a5 10. Nd2 a4 11. Qc2 a3 12. Bc3 b5 13. c5 Bxe5 14. dxe5
Ne4 15. b4 Ra4 16. Nb3 Nxc3 17. Qxc3 Na6 18. Nd4 Nxb4 19. Rfb1 Na6 20. Nxc6 Qc7
21. Nd4 Rc4 22. Qd2 Qxe5 23. Nxb5 f4 24. Nxa3 {Akobian,V (2618)-Soffer,R (2489)
Caleta 2011 1-0 (44)}) ({RR} 9... Nbd7 10. Nd3 b6 11. Nd2 Bb7 12. Nf3 Ne4 13.
e3 a5 14. Qc2 Rac8 15. Rac1 c5 16. dxc5 Ndxc5 17. Nde5 Ba6 18. Rfd1 dxc4 19.
Nxc4 Bc7 20. a4 Rcd8 21. Nd4 Bb7 22. Nb5 Bb8 23. Nxb6 Rxd1+ 24. Rxd1 {Rustemov,
A (2525)-Kukula,P (2109) chess.com INT 2022 1-0}) 10. e3 Be8 11. Nc3 Bh5 12. f3
$146 ({RR} 12. Qc2 Nbd7 13. f4 Ne4 14. a4 a5 15. Rab1 Nb8 16. Nxe4 fxe4 17. Bc3
b6 18. Qd2 Bxe5 19. dxe5 Na6 20. cxd5 cxd5 21. h3 Bg6 22. g4 Qd7 23. Bd4 Nc5
24. Rfd1 Rfc8 25. Bf1 Qe7 26. Rdc1 Qd8 {Gruenberg,H (2465)-Knaak,R (2525)
Stralsund 1988 0-1 (56)}) 12... Nbd7 13. Ne2 Rae8 14. Nf4 Qd8 15. Nfd3 Bc7 16.
Ba3 c5 17. Nxd7 Nxd7 18. Nxc5 Nxc5 19. Bxc5 Rf7 20. Ba3 e5 21. Bb2 e4 22. Qd2
exf3 23. Bxf3 Bxf3 24. Rxf3 Qd7 25. Qd3 Bd8 26. Raf1 g6 27. Bc1 Bg5 28. Bd2 h5
29. Re1 Qc6 30. Rff1 Re4 31. Re2 h4 32. cxd5 Qxd5 33. Qc4 Qd6 34. Kg2 Kg7 35.
Bb4 Qd7 36. Rf3 b5 37. Qc5 Be7 38. Qc3 Bf6 39. Rc2 Qe8 40. Qd3 Bg5 41. Bd6 Bf6
42. Rc7 Rxc7 43. Bxc7 Qc6 44. Ba5 h3+ 45. Kf2 Qd5 46. Bc3 Bg5 47. Qf1 Qc6 48.
Qc1 Qd5 49. Bd2 Be7 50. Ke2 Re6 51. Qc7 b4 52. Bxb4 Qb5+ 53. Qc4 Qxc4+ 54. bxc4
Bxb4 55. Kd3 Ra6 0-1